004370000a2200097000450024501290000004100140012970000280014370000280017110000360019977301040023510aNueva especie del género Atelopus A.M.C. Durmeril & Bibron 1841 (Amphibia: Bufonidae) de la Cordillera Oriental colombiana0 aEspañol1 aOsorno Muñoz, Mariela1 aRuiz Carranza, Pedro M.1 aArdila Robayo, María Cristina1 tRevista de la Academia Colombiana de Ciencias Exactas, Físicas y Naturalesh98q133-139d2002g26